000 01044nam a22002657a 4500
008 130821s2002 ck gr spa
020 _a9586166619
040 _aCo-BoUCM
_bspa
041 0 0 _aspa
100 1 _aCorrea Ángel, Diana Ximena
_9171997
245 1 3 _aEl arbitraje en el derecho administrativo una forma de justicia alternativa para un nuevo modelo de estado
_cDiana Ximena Correa Ángel.
260 _aBogotá (Colombia)
_bUniversidad Externado de Colombia
_c2002
300 _a222 páginas
490 _aTesis de Grado
_v15
504 _aIncluye bibliografía.
650 0 4 _aAdministración de justicia
_98543
650 0 4 _aArbitramento (Derecho administrativo)
_99300
650 0 4 _aDerecho administrativo
_912695
650 0 4 _aDerecho comparado
_912722
650 0 4 _aSolución de conflictos
_924842
650 0 4 _923675
_aResponsabilidad del Estado
710 2 _aUniversidad Externado de Colombia.
_bFacultad de Derecho
_9118619
942 _cLIBRO
_a8
_e1
_mC824a
_2DEWEY
_h342.066
999 _c92728
_d92728